|
|
|
|
| LEADER |
00000nab a2200000 a 4500 |
| 001 |
vtls000856282 |
| 003 |
SK-MaSNL |
| 005 |
20260305032515.0 |
| 008 |
040806s2002 xo 0 slo |
| 015 |
|
|
|a SNBRA2003/12-36303
|
| 035 |
|
|
|a CLN000207937
|
| 040 |
|
|
|a SNKBUCL
|b slo
|c SNKBUCL
|e AACR2
|
| 041 |
0 |
|
|a slo
|
| 044 |
|
|
|a xo
|c SK
|
| 080 |
|
|
|a 902.2(437.6):903"634"+903"636"
|2 UDC-MRF-SK2
|
| 080 |
|
|
|a 902.2(437.1/.2):903"634"+903"636"
|2 UDC-MRF-SK2
|
| 080 |
|
|
|a 903(437.6)"634"
|2 UDC-MRF-SK2
|
| 080 |
|
|
|a 903(437.1/.2)"634"
|2 UDC-MRF-SK2
|
| 080 |
|
|
|a 903(437.6)"636"
|2 UDC-MRF-SK2
|
| 080 |
|
|
|a 903(437.1/.2)"636"
|2 UDC-MRF-SK2
|
| 100 |
1 |
|
|a Cheben, Ivan,
|d 1952-
|4 aut
|9 7008
|
| 214 |
1 |
1 |
|a Dvadsiate pracovné stretnutie "Otázky neolitu a eneolitu našich krajín"
|
| 245 |
1 |
0 |
|a 20. pracovné stretnutie "Otázky neolitu a eneolitu našich krajín"
|c Ivan Cheben, Ivan Kuzma
|
| 246 |
1 |
3 |
|a Dvadsiate pracovné stretnutie "Otázky neolitu a eneolitu našich krajín"
|
| 300 |
|
|
|b Fotogr.
|
| 611 |
1 |
7 |
|a Otázky neolitu a eneolitu našich krajín
|n 20.
|d 2001
|c Liptovská Sielnica, Slovensko
|2 snkbucl
|9 1611891
|
| 650 |
0 |
7 |
|a výskumy archeologické
|z Slovensko
|z Česko
|y 2001
|2 snkbucl
|9 1611892
|
| 650 |
0 |
7 |
|a neolit
|2 snkbucl
|9 51830
|
| 650 |
0 |
7 |
|a eneolit
|2 snkbucl
|9 30423
|
| 650 |
0 |
7 |
|a nálezy archeologické
|y neolit
|y eneolit
|z Slovensko
|z Česko
|y 2001
|2 snkbucl
|9 1611893
|
| 651 |
|
7 |
|a Liptovský Mikuláš (Slovensko : okres)
|2 snkbucl
|9 31431
|
| 655 |
|
7 |
|a články zo zborníkov
|2 snkbucl
|9 166140
|
| 700 |
1 |
|
|a Kuzma, Ivan,
|d 1955-2013
|4 aut
|9 8267
|
| 773 |
0 |
|
|z 8088709571
|t Otázky neolitu a eneolitu našich krajín - 2001
|d Nitra : Archeologický ústav SAV, 2002
|g S. 15-20
|
| 850 |
|
|
|a Slovenská národná knižnica v Martine
|
| 852 |
|
|
|a SNK
|b KIS3GCP
|
| 999 |
|
|
|c 3320413
|d 3322343
|